Регионална библиотека "Любен Каравелов" - Русе

Йовковото творчество (Запис номер 23618)

MARC детайли
000 -Лидер
Контролно поле с фиксирана дължина 01515nam a2200385 c 4500
003 - Код на организацията, давaща контролен номер
Контролно поле BLK
005 - Дата и час на последна редакция
Контролно поле 20241025005437.0
008 - Елементи от данни с фиксирана дължина
fixed length control field 180413b bul|||||r ||||||| ||bul||
010 ## - Наследен системен номер
LC control number KNG00026097000
020 ## - Международен стандартен номер на книга ISBN
Международен стандартен номер на книга ISBN 954-439-397-8
-- издат.: Слово
040 ## - Източник на каталожния запис
Идентификатор на билиотеката - собственик на записа BLK
041 ## - Код за език
Код за езика на текст/звукозапис или на отделно заглавие Български
Код за езика КДБФ Български
080 ## - УДК
Текстов определител УДК Българска литература
УДК код - определител по УДК 821.163.2
УДК определител .09(092)
УДК - код + определител 821.163.2.09(092)
080 ## - УДК
Текстов определител УДК Български писател
УДК код - определител по УДК 929 Йовков, Йордан Стефанов
УДК определител
УДК - код + определител 929 Йовков, Йордан Стефанов
100 1# - Редна дума - Автор
Автор Станков, Иван
Авторска отговорност първи автор
R(LIN) 364260
139 ## - Редно поле
Редна дума Станков, Иван
Авторски знак Иовк - И 77
245 10 - Сведения за заглавието
Заглавие Йовковото творчество
Редно поле (дума) Иван Станков.
250 ## - Област на изданието
Сведения за изданието 2. изд
257 ## - Страна на издаване
Страна на създаване/издаване България
260 ## - Област на издателските данни
-- В. Търново
Име на издателя, разпространителя и проч. Слово
Година на издаване 1999
300 ## - Физическа характеристика
Страници 144 с.
Размери/Мащаб 20 см
380 ## - Жанр
Жанр Литературознание
490 1# - СЕРИИ (Колекции)
Име на серия Поредица Върхове
600 #0 - Име на лице, използвано като предмет
За него / За нея Йовков, Йордан Стефанов
Свързани дати 1880-1937
Друга информация Писател класик - белетрист, драматург, майстор на късия разказ
9 (RLIN) 363298
650 #0 - Допълнително описание по предмет – тема
Основно описание – тема или топоним Писатели, български
9 (RLIN) 241944
653 ## - Ключова дума – ненормативна
Ключова дума българска литература
653 ## - Ключова дума – ненормативна
Ключова дума Йордан Йовков
653 ## - Ключова дума – ненормативна
Ключова дума учебни помагала
852 ## - Местоположение
Форматна сигнатура Цб 200685
856 4# - Електронен адрес и достъп
Електронен формат pdf - файл
Път до файла /url/
856 4# - Електронен адрес и достъп
Електронен формат pdf - файл
Път до файла /url/
942 ## - АРТИКУЛИ
Вид на библиотечния материал Книги
Скрит в OPAC Не
Koha issues (borrowed), all copies 5
944 ## - СЪЗДАВАНЕ И РЕДАКЦИЯ на ЗАПИСА
Създаване/Редакция Създаване
Дата на регистрацията/редакция 15.01.2003
Служител, извършил регистрацията/редакцията
Статус, дата на статуса CRON CRON
944 ## - СЪЗДАВАНЕ И РЕДАКЦИЯ на ЗАПИСА
Създаване/Редакция Редакция
Дата на регистрацията/редакция 17.09.2004
Служител, извършил регистрацията/редакцията
999 ## - СИСТЕМНИ КОНТРОЛНИ НОМЕРА
Koha biblionumber 23618
Koha biblioitemnumber 23618
Наличности
Код за отписване Код за изгубен артикул Източник на класификационната схема Код за повреда Коз за рестрикции Код за отдаване Артикулен № Име на библиотеката - собственик Име на библиотеката, в която се намира в момента Статус (Текущо местоположение) Дата на вписване в системата Местоположение - отдел Цена в лева Инвентарен номер Систематично азбучна сигнатура Баркод Номер на екземпляра Цена в евро Служебна бележка Служебен тип на артикула
Изтеглен Не е изгубен Universal Decimal Classification Не е повреден без рестрикции заемане за дома 39077 Регионална библиотека "Любен Каравелов" Русе Регионална библиотека "Любен Каравелов" Русе Заемна - подръчен фонд 2001-01-01 Заемна - подръчен фонд 1.50 648165 П 886.7.09(092) 648165 1 0.77 Дост: Pk Вид: Ф N: стар фонд Дата: 01.01.2001 Дата инв: 07.02.2018 Бележки инв: П2018 Книги
  Не е изгубен   Не е повреден без рестрикции ползва се в читалня 39078 Регионална библиотека "Любен Каравелов" Русе Регионална библиотека "Любен Каравелов" Русе Хранилище 2004-09-15 Основен фонд - ползва се само за читалня 1.50 120000688401 Цб 200685 120000688401 2 0.77 Дост: Pk Вид: Ф N: 8883 Дата: 03.09.2004 Книги
Изтеглен Не е изгубен Universal Decimal Classification Не е повреден без рестрикции заемане за дома 39079 Регионална библиотека "Любен Каравелов" Русе Регионална библиотека "Любен Каравелов" Русе Заемна - подръчен фонд 2004-09-15 Заемна - подръчен фонд 1.50 120000688402 П 821.163.2.09(092)/И 77 120000688402 3 0.77 Дост: Pk Вид: Ф N: 8883 Дата: 03.09.2004 Дата инв: 07.02.2018 Бележки инв: П2018 Книги
  Не е изгубен Universal Decimal Classification Не е повреден без рестрикции заемане за дома 39080 Регионална библиотека "Любен Каравелов" Русе Регионална библиотека "Любен Каравелов" Русе Заемна - подръчен фонд 2004-09-15 Заемна - подръчен фонд 1.50 120000688403 П 821.163.2.09(092)/И 77 120000688403 4 0.77 Дост: Pk Вид: Ф N: 8883 Дата: 03.09.2004 Дата инв: 07.02.2018 Бележки инв: П2018 Книги
Изтеглен Не е изгубен Universal Decimal Classification Не е повреден без рестрикции заемане за дома 39081 Регионална библиотека "Любен Каравелов" Русе Регионална библиотека "Любен Каравелов" Русе Заемна - подръчен фонд 2004-09-15 Заемна - подръчен фонд 1.50 120000688404 П 821.163.2.09(092)/И 77 120000688404 5 0.77 Дост: Pk Вид: Ф N: 8883 Дата: 03.09.2004 Дата инв: 07.02.2018 Бележки инв: П2018 Книги
  Не е изгубен Universal Decimal Classification Не е повреден без рестрикции заемане за дома 39082 Регионална библиотека "Любен Каравелов" Русе Регионална библиотека "Любен Каравелов" Русе Заемна - подръчен фонд 2004-09-15 Заемна - подръчен фонд 1.50 120000688405 П 821.163.2.09(092)/И 77 120000688405 6 0.77 Дост: Pk Вид: Ф N: 8883 Дата: 03.09.2004 Дата инв: 07.02.2018 Бележки инв: П2018 Книги
Vip Innovations Ltd, Rousse, Bulgaria 2025